| 000 | 00555nam a22001817a 4500 | ||
|---|---|---|---|
| 999 |
_c14139 _d14139 |
||
| 003 | AR-CdUCM | ||
| 008 | 190422b ||||| |||| 00| 0 spa d | ||
| 020 | _a978-84-9101-139-2 | ||
| 040 |
_aMUNICIPALIDAD PROVINCIAL DEL CUSCO _cBIBLIOTECA MUNICIPAL DEL CUSCO |
||
| 082 |
_aPI / 376.1 / _bC73 |
||
| 100 |
_aBussolati, Emanuela _932808 |
||
| 245 |
_aSin chupete : _bya soy mayor / |
||
| 260 |
_bCombel, _c2016. |
||
| 300 |
_a10 páginas ; _bIlustraciones, _c18 cm. |
||
| 650 |
_aCuentos infantiles _93927 |
||
| 942 |
_2ddc _cLIBROS |
||
| 945 |
_aacv _d2019-04-22 |
||